Economic research

Uložené v:
Podrobná bibliografia
Médium: Seriál
Jazyk:English
Vydavateľské údaje: Pula Juraj Dobrila University of Pula 2013
Predmet:
Tagy: Pridať tag
Žiadne tagy, Buďte prvý, kto otaguje tento záznam!

MARC

LEADER 00000nas2a2200000 4500
001 0239152
005 20180202143416.4
022 |a 1331-677X 
041 0 |a eng 
044 |a HR 
245 1 0 |a Economic research 
264 1 |a Pula  |b Juraj Dobrila University of Pula  |c 2013 
500 |a Chýba č. 1, 2 
773 0 |w eu_un_cat*0175938 
610 2 0 |a výskum ekonomický 
610 2 0 |a politika hospodárska 
610 2 0 |a hospodárstvo svetové 
610 2 0 |a veda ekonomická 
610 2 0 |a vedy spoločenské